Lanean...

On Relief : the economics of poverty and public welfare /

Xehetasun bibliografikoak
Egile nagusia: Stein, Bruno
Formatua: Printed Book
Hizkuntza:English
Argitaratua: London : Basic Books Inc., 1971.
LEADER 00503nam a22001337a 4500
008 171028b xxu||||| |||| 00| 0 eng d
999 |c 164892  |d 164892 
082 |a 362.50973  
100 |a Stein, Bruno 
245 |a On Relief :   |b the economics of poverty and public welfare /  |c Bruno Stein 
260 |b Basic Books Inc.,  |c 1971.  |a London : 
300 |a 211 p. 
942 |c BK 
952 |0 0  |1 0  |4 0  |6 362_509730000000000_STE_O  |7 0  |8 SEC  |9 181233  |a CMS  |b CMS  |c ST1  |d 2017-10-28  |i 549  |l 0  |o 362.50973 STE/O  |p CMS549  |r 2017-10-28  |w 2017-10-28  |y BK